000 00510nam a2200205Ia 4500
008 210210b1961 xxu||||| |||| 00| 0 eng d
041 _aeng
082 _a384/27
100 _aESTALL (R C)
245 _aIndustrial activity and economic geography
260 _aLondon
_bHutchinson University
_c1961
300 _a232
650 _aIndustrial
650 _ageography
650 _aeconomic
650 _aactivity
690 _aEconomic Geography
700 _aBUCHANAN (R Ogilvie)
906 _a005423
999 _c125435
_d125435